Lineamientos de Investigación en enfermeria / (Registro nro. 21925)

Detalles MARC
000 -LEADER
fixed length control field 01362nam a2200349 i 4500
003 - CONTROL NUMBER IDENTIFIER
control field CO-CtgCURN
005 - DATE AND TIME OF LATEST TRANSACTION
control field 20250331185153.0
007 - PHYSICAL DESCRIPTION FIXED FIELD--GENERAL INFORMATION
fixed length control field ta
007 - PHYSICAL DESCRIPTION FIXED FIELD--GENERAL INFORMATION
fixed length control field ta
008 - FIXED-LENGTH DATA ELEMENTS--GENERAL INFORMATION
fixed length control field 131205s2014 ck f b 000 0 spa d
020 ## - INTERNATIONAL STANDARD BOOK NUMBER
International Standard Book Number 9789588084183
040 ## - CATALOGING SOURCE
Original cataloging agency CO-CtgCURN
Language of cataloging spa
Transcribing agency coctgcurn
043 ## - GEOGRAPHIC AREA CODE
Geographic area code s-ck---
082 04 - DEWEY DECIMAL CLASSIFICATION NUMBER
Classification number 614.253
Item number A719
Edition information 21
100 1# - MAIN ENTRY--PERSONAL NAME
Personal name Ariza Olarte, Claudia.
245 10 - TITLE STATEMENT
Title Lineamientos de Investigación en enfermeria /
Statement of responsibility, etc. Claudia Ariza Olarte, Angela María Salazar Maya; Consuelo Velez Alvarez; María Eugenia Pico Merchan; Fabiola Castellanos Soriano; Francia Esther Herrera Salazar.
260 ## - PUBLICATION, DISTRIBUTION, ETC.
Place of publication, distribution, etc. Bogotá :
Name of publisher, distributor, etc. Asociacion Colombiana de Facultades de Enfermeria. ACOFAEN,
Date of publication, distribution, etc. 2014.
300 ## - PHYSICAL DESCRIPTION
Extent 42 paginas ;
Dimensions 22 cm.
336 ## - CONTENT TYPE
Source rdacontent
337 ## - MEDIA TYPE
Source rdamedia
Media type term sin mediacion
Media type code n
338 ## - CARRIER TYPE
Source rdacarrier
Carrier type term volumen
Carrier type code nc
504 ## - BIBLIOGRAPHY, ETC. NOTE
Bibliography, etc. note Incluye referencias bibliograficas pp 40-42.
650 14 - SUBJECT ADDED ENTRY--TOPICAL TERM
Topical term or geographic name entry element Enfermeria
Form subdivision Investigación.
Source of heading or term LEMB
700 1# - ADDED ENTRY--PERSONAL NAME
Personal name Salazar Maya, Angela María.
700 1# - ADDED ENTRY--PERSONAL NAME
Personal name Velez Alvarez, Consuelo.
700 1# - ADDED ENTRY--PERSONAL NAME
Personal name Pico Merchan, María Eugenia.
700 1# - ADDED ENTRY--PERSONAL NAME
Personal name Castellanos Soriano, Fabiola.
700 1# - ADDED ENTRY--PERSONAL NAME
Personal name Herrera Salazar, Francia Esther.
852 ## - LOCATION
-- 20000
852 ## - LOCATION
-- 20000
942 ## - ADDED ENTRY ELEMENTS (KOHA)
Koha item type Libros
Classification part 614.253
Item part A719
Source of classification or shelving scheme Dewey Decimal Classification
Existencias
Withdrawn status Lost status Source of classification or shelving scheme Damaged status Not for loan Collection Home library Current library Shelving location Date acquired Total checkouts Full call number Barcode Date last seen Price effective from Koha item type Public note Copy number
    Dewey Decimal Classification     General Miguel Henríquez Emiliani Miguel Henríquez Emiliani General 03/31/2025   614.253 A719 018246 03/31/2025 03/31/2025 Libros 610-CIENME  
    Dewey Decimal Classification     General Miguel Henríquez Emiliani Miguel Henríquez Emiliani General 03/31/2025   614.253 A719 018247 03/31/2025 03/31/2025 Libros 610-CIENME ej,2